000 00733nam a2200205 a 4500
001 000017758
005 20200929165224.0
008 100331s2003 dr a 000 0 spa d
040 _aDO-SdBNP
082 _axxx
_bO77a
100 1 _aOrtega Elpidio J.
_934683
245 1 0 _aSitio arqueológico, la iglesia. Provincia la Altagracia /
_cElpidio J. Ortega, José G. Atiles, Jorge Ulloa.
260 _aSanto Domingo :
_bAcademia de Ciencias de la República Dominicana,
_c2003.
300 _a105 p. :
_bil. ;
_c23 cm.
490 1 _aOrtega Alvarez
_vvol. 10
500 _aIncluye notas al pie de las páginas
504 _aIncluye referencias bibliográficas ( p. 102-104)
830 0 _aOrtega Alvarez
_vvol. 10
_938624
049 _aBNPD
999 _c17283
_d17283